Statistics for British Oscar Winning Actresses.

Click here to take the quiz!

General Stats

  • This quiz has been taken 616 times
    (577 since last reset)
  • The average score is 18 of 26

Answer Stats

YearMovieCategoryAnswer% Correct
1965Mary PoppinsBest ActressDame Julie Andrews
96%
2007The QueenBest ActressDame Helen Mirren
94%
1940Gone with the WindBest ActressVivien Leigh
91%
1952A Streetcar Named DesireBest ActressVivien Leigh
91%
1999Shakespeare in LoveBest Supporting ActressDame Judi Dench
88%
1979California SuiteBest Supporting ActressDame Maggie Smith
85%
1970The Prime of Miss Jean BrodieBest ActressDame Maggie Smith
85%
1967Who's Afraid of Virginia Woolf?Best ActressElizabeth Taylor
85%
1961Butterfield 8Best ActressElizabeth Taylor
85%
1954Roman HolidayBest ActressAudrey Hepburn
84%
1993Howards EndBest ActressEmma Thompson
83%
2009The ReaderBest ActressKate Winslet
82%
1990Driving Miss DaisyBest ActressJessica Tandy
78%
1971Women in LoveBest ActressGlenda Jackson
66%
1974A Touch of ClassBest ActressGlenda Jackson
66%
2006The Constant GardenerBest Supporting ActressRachel Weisz
61%
2008Michael ClaytonBest Supporting ActressTilda Swinton
57%
1966DarlingBest ActressJulie Christie
54%
1950The HeiressBest ActressOlivia de Havilland
54%
1947To Each His OwnBest ActressOlivia de Havilland
54%
1978JuliaBest Supporting ActressVanessa Redgrave
54%
1943Mrs. MiniverBest ActressGreer Garson
51%
1942SuspicionBest ActressJoan Fontaine
50%
1985A Passage To IndiaBest Supporting ActressDame Peggy Ashcroft
35%
1964The V.I.P.sBest Supporting ActressMargaret Rutherford
26%
1959Seperate TablesBest Supporting ActressWendy Hiller
23%

Score Distribution

Percentile by Number Answered

Percent of People with Each Score

Your Score History

You have not taken this quiz since the last reset